I PUC text book biology (Record no. 236387)

MARC details
000 -LEADER
fixed length control field 00445nam a2200193Ia 4500
003 - CONTROL NUMBER IDENTIFIER
control field OSt
005 - DATE AND TIME OF LATEST TRANSACTION
control field 20251115105012.0
008 - FIXED-LENGTH DATA ELEMENTS--GENERAL INFORMATION
fixed length control field 250729s2006 xx 000 0 und d
040 ## - CATALOGING SOURCE
Transcribing agency AL
041 ## - LANGUAGE CODE
Language code of text/sound track or separate title eng
082 ## - DEWEY DECIMAL CLASSIFICATION NUMBER
Classification number 574.2 RAJF
100 ## - MAIN ENTRY--PERSONAL NAME
Personal name Rajendra K
9 (RLIN) 224395
245 ## - TITLE STATEMENT
Title I PUC text book biology
260 ## - PUBLICATION, DISTRIBUTION, ETC.
Place of publication, distribution, etc. Mangalore
Date of publication, distribution, etc. 2006
300 ## - PHYSICAL DESCRIPTION
Extent 223p
650 ## - SUBJECT ADDED ENTRY--TOPICAL TERM
Topical term or geographic name entry element Biology
9 (RLIN) 224396
700 ## - ADDED ENTRY--PERSONAL NAME
Personal name Precilla Anita
9 (RLIN) 224397
942 ## - ADDED ENTRY ELEMENTS (KOHA)
Source of classification or shelving scheme Dewey Decimal Classification
Koha item type School of Education
Holdings
Withdrawn status Lost status Damaged status Not for loan Home library Current library Date acquired Source of acquisition Cost, normal purchase price Total Checkouts Full call number Barcode Date last seen Cost, replacement price Price effective from Koha item type
        St Aloysius Library St Aloysius Library 07/29/2025 School Book Company 185.00   574.2 RAJF BED01706 07/29/2025 185.00 07/29/2025 Book